000 00807cam a2200193 4500
001 WB3921-06
008 030604n2003 000 0 eng u
035 _a(Sirsi) u122521
245 _aRural sustainable development progressing well
260 _c2003
490 _aDEFRA News Release
_v3 June 2003 (1)
520 _aThe Countryside Agency has cited DEFRA as one of the departments which has made the most progress in rural development in the last year. Copies of the Countryside Agency annual report are available from http://www.countryside.gov.uk/index.htm. http://www.defra.gov.uk/news/latest/2003/ruralproofing.htm.
590 _aWB
650 _aSUSTAINABLE DEVELOPMENT
650 _aRURAL DEVELOPMENT
650 _aRURAL PROOFING
690 _aPROPERTY-PROPERTY DEVELOPMENT
942 _n0
999 _c72823
_d72823